000 00297nam a2200109Ia 4500
008 200302s9999 xx 000 0 und d
100 _aAlessandro Vezzosi
245 _aLeonardo Da Vinci : The Mind Of The Renaissance
260 _bHarry N. Abrams, Inc., New York
260 _c1997
300 _a159 P
999 _c4742
_d4742